Which Country of the 4? - Statistics

General Stats
  • This quiz has been taken 27 times
    5 since last reset
  • The average score is 6 of 15
Answer Stats
Question Answer % Correct
Is NOT a monarchy (any kind of monarchy, not just absolute) Paraguay
100%
Has black on its flag Uganda
100%
Has hosted the Olympics Brazil
60%
Most time zones (including territories) France
60%
Has the largest population United Kingdom
60%
Most densely populated Bahrain
40%
Has the largest land area Botswana
40%
Has a lake called "Nipigon" Canada
40%
With the highest median age East Timor
40%
Was NOT colonized by the British Yemen
40%
Has the lowest external debt Afghanistan
20%
Has the most official languages Bolivia
20%
Has the tallest average people (of both genders) Montenegro
20%
Its capital is Yaoundé Cameroon
0%
Has the greatest highest elevation of the four options Yemen
0%
No matching quizzes found
Score Distribution
Percent of People with Each Score
Percentile by Number Answered
Your Score History
You have not taken this quiz since the last reset